[Event "Mechanics' Peter Grey TNM; G/2 d5"]
[Site "San Francisco"]
[Date "2017.08.29"]
[Round "4.26"]
[White "Bennett, Tavis Lee"]
[Black "Mays, Jerry L"]
[Result "0-1"]
[WhiteElo "1460"]
[BlackElo "1741"]
[Annotator "Donaldson"]
[PlyCount "118"]
[EventDate "2017.??.??"]

1. e4 e5 2. Nf3 Nc6 3. Bb5 a6 4. Bxc6 dxc6 5. b3 Bd6 6. Bb2 Bg4 7. d4 Qe7 8.
Qd3 (8. dxe5 Bxf3 9. Qxf3 Bxe5) 8... O-O-O 9. Qe3 Bxf3 10. Qxf3 f6 11. Nd2 Kb8
12. O-O-O exd4 13. Bxd4 Ba3+ 14. Bb2 Bxb2+ 15. Kxb2 Qe5+ 16. Qc3 Qxc3+ 17. Kxc3
Nh6 18. h3 Nf7 19. Nc4 Ka7 20. f4 b5 21. Ne3 Nd6 22. e5 Ne4+ 23. Kb2 fxe5 24.
fxe5 Rhe8 25. Rxd8 Rxd8 26. Rf1 Re8 27. Rf7 Rxe5 28. Rxc7+ Kb6 29. Rxg7 h5 30.
a4 Nd2 31. Rg3 Ne4 32. Rf3 Nd2 33. Rf2 Nxb3 34. Nc4+ bxc4 35. cxb3 cxb3 36.
Kxb3 Re3+ 37. Ka2 Ka5 38. Rf5+ Kxa4 39. Rxh5 Re2+ 40. Kb1 Kb3 41. Kc1 Rxg2 42.
Rh6 Rc2+ 43. Kb1 a5 44. Rh7 Rh2 (44... Rb2+ 45. Kc1 Rh2 46. Rb7+ (46. Rc7 a4
47. Rxc6 Rh1+ 48. Kd2 a3 49. Rb6+ Kc4 50. Ra6 a2) 46... Kc3) 45. Rb7+ Kc4 46.
Ra7 Kb5 47. Rb7+ Ka6 48. Rc7 Kb6 49. Rh7 a4 50. Rh8 a3 51. h4 Kc5 52. Ra8 Rxh4
53. Rxa3 $11 Rh2 54. Rc3+ Kd5 55. Rc1 c5 56. Rd1+ Kc4 57. Rc1+ Kb4 58. Rc2 $4 (
58. Rg1) 58... Rxc2 59. Kxc2 Kc4 0-1

[Event "Mechanics' Peter Grey TNM; G/2 d5"]
[Site "San Francisco"]
[Date "2017.09.05"]
[Round "5.28"]
[White "Bhattacharjee, Shi"]
[Black "Cunningham, Charles"]
[Result "1-0"]
[WhiteElo "1635"]
[BlackElo "1377"]
[Annotator "Donaldson"]
[PlyCount "101"]
[EventDate "2017.??.??"]

1. c4 e6 2. d4 Bb4+ 3. Nc3 Bxc3+ 4. bxc3 Nf6 {
Now Black is a tempo down in a Saemisch Nimzo (no a3 by White).} (4... f5) 5.
Qd3 c6 6. e4 d6 7. Bg5 h6 8. Bh4 Nbd7 9. f4 Qa5 10. Ne2 g5 11. fxg5 hxg5 12.
Bg3 d5 13. cxd5 cxd5 14. e5 Ne4 15. Bf2 Nxf2 16. Kxf2 Nxe5 $2 17. dxe5 Qc7 18.
Qe3 Rg8 19. Nd4 a6 20. Rc1 b5 21. a4 bxa4 22. c4 dxc4 23. Bxc4 Qa7 24. Rhd1 Bd7
25. Kf1 Rb8 26. Qe4 a3 27. Nc6 Bxc6 28. Qxc6+ Kf8 29. Qd6+ Kg7 30. Qxa3 Rh8 31.
Qg3 Qe7 32. Bxa6 Rh4 33. Rc4 Rb4 34. Rxh4 Rxh4 35. Be2 Rf4+ 36. Bf3 Rf5 37. h4
Qc5 38. hxg5 Rxe5 39. Qh4 Rxg5 40. Qd4+ Qxd4 41. Rxd4 e5 42. Rd7 Kg6 43. Rd6+
f6 44. Ke2 Kf5 45. Kd3 Rg3 46. Ke3 Kg6 47. Kd3 Kf7 48. Ke4 Ke7 49. Rc6 Rg6 50.
Ra6 Rh6 51. Kf5 1-0

[Event "Mechanics' Summer TNM; G/2 d5"]
[Site "San Francisco"]
[Date "2017.07.18"]
[Round "8.20"]
[White "Boldi, Ethan"]
[Black "Cendejas, Juan"]
[Result "1-0"]
[WhiteElo "1852"]
[BlackElo "1767"]
[PlyCount "65"]
[EventDate "2017.??.??"]

1. e4 e5 2. Nf3 Nc6 3. Bc4 Bc5 4. c3 Qe7 5. O-O d6 6. d4 Bb6 7. h3 Nf6 8. d5
Nd8 9. Bg5 h6 10. Bh4 g5 11. Bg3 g4 12. Nfd2 gxh3 13. Bh4 Bg4 14. Bxf6 hxg2 15.
Bxe7 Bxd1 16. Rxd1 Rg8 17. Bxd8 Rxd8 18. Nf3 Ke7 19. Nh4 Rg4 20. Nf5+ Kf6 21.
Nd2 Rh8 22. Be2 Rf4 23. Ne3 Rg8 24. Bf3 h5 25. Nxg2 Ke7 26. Kh1 Rf6 27. Rf1 h4
28. Ne3 h3 29. Rg1 Rh8 30. Raf1 c6 31. Rg3 Kf8 32. Bg4 h2 33. Rg2 1-0

[Event "Mechanics' Fall TNM; G/2 d5"]
[Site "San Francisco"]
[Date "2017.12.19"]
[Round "9.13"]
[White "Boldi, Ethan"]
[Black "Chan, John"]
[Result "1-0"]
[WhiteElo "1892"]
[BlackElo "1647"]
[PlyCount "97"]
[EventDate "2017.??.??"]

1. e4 d6 2. d4 c6 3. c4 Nf6 4. Nc3 Nbd7 5. Nf3 e5 6. d5 h6 7. Be2 Nc5 8. Qc2
Be7 9. b4 Ncd7 10. Bd2 c5 11. a3 b6 12. Nh4 g6 13. Nf3 g5 14. h3 Nf8 15. Rb1
Ng6 16. g4 Kf8 17. Na2 Bd7 18. Nc1 Qe8 19. b5 Bd8 20. a4 a6 21. a5 axb5 22.
cxb5 bxa5 23. b6 Ba4 24. Qd3 Nf4 25. Bxf4 exf4 26. Nd2 Rb8 27. b7 Kg7 28. f3
Qd7 29. Qa6 Re8 30. Nc4 Bc7 31. Nb6 Bxb6 32. Rxb6 Red8 33. Qxa5 Qc7 34. Qa6 Be8
35. O-O Qe7 36. Nb3 h5 37. Na5 h4 38. Bb5 Bxb5 39. Rxb5 Nxd5 40. exd5 Qe3+ 41.
Kh1 Qe2 42. Rb6 Qd2 43. Rbb1 Re8 44. Nc4 Qc2 45. Rbc1 Qd3 46. Qa1+ Kg8 47. Nxd6
Re2 48. Nf5 Kf8 49. Qh8# 1-0

[Event "Mechanics' Winter TNM; G/2"]
[Site "San Francisco"]
[Date "2017.01.17"]
[Round "3.29"]
[White "Boldi, Ethan"]
[Black "Erdenebileg, Erkhe"]
[Result "1-0"]
[WhiteElo "1850"]
[BlackElo "1412"]
[Annotator "Donaldson"]
[PlyCount "120"]
[EventDate "2017.??.??"]

1. e4 e5 2. Nf3 Nc6 3. Bc4 Bc5 4. c3 Nf6 5. d3 (5. d4 exd4 6. cxd4 Bb4+ 7. Bd2
Bxd2+ 8. Nbxd2 d5) 5... d6 6. h3 h6 7. O-O O-O 8. d4 exd4 (8... Bb6) 9. cxd4
Bb6 10. d5 (10. Nc3 Nxe4 11. Nxe4 d5) 10... Ne5 11. Nxe5 dxe5 12. Nc3 Qd7 (
12... Qe7) 13. Qf3 c6 $2 {Diagram [#]} (13... Ne8) 14. Bxh6 $1 Qd6 15. Bd2 cxd5
16. Bxd5 Nxd5 17. Nxd5 Bd4 18. Bb4 Bc5 19. Bxc5 Qxc5 20. Rac1 Qd6 (20... Qa5
21. Ne7+ Kh7 22. Qh5#) 21. Rfd1 Qh6 22. Ne7+ Kh8 23. Nxc8 Raxc8 24. Rxc8 Rxc8
25. Qf5 Rf8 26. Qxe5 Kg8 27. Qd6 Qh4 28. Qd4 Re8 29. Re1 f5 30. Qd5+ Kh8 31.
Qxf5 Qe7 32. e5 Rf8 33. Qe4 Qc5 34. Qe3 Qd5 35. e6 Qxa2 36. e7 Re8 37. Qe5 Qf7
38. Qd6 Kh7 39. Qd7 b5 40. Qxa7 b4 41. Qc5 b3 42. Qe5 Kg8 43. Qe6 Qxe6 44. Rxe6
Kf7 45. Re3 Rxe7 46. Rxe7+ Kxe7 47. Kf1 Ke6 48. Ke2 Ke5 49. Ke3 g5 50. g3 Kd5
51. Kd3 Ke5 52. Ke3 Kd5 53. h4 gxh4 54. gxh4 Ke5 55. f4+ Kf5 56. Kf3 Kf6 57.
Kg4 Kg6 58. f5+ Kf6 59. h5 Ke5 60. h6 Kd4 1-0

[Event "Mechanics' Spring TNM; G/2"]
[Site "San Francisco"]
[Date "2017.03.21"]
[Round "2.48"]
[White "Boldi, Ethan"]
[Black "Hernandez, Matthew"]
[Result "0-1"]
[WhiteElo "1865"]
[BlackElo "2009"]
[PlyCount "62"]
[EventDate "2017.??.??"]

1. e4 c5 2. Nf3 d6 3. d4 cxd4 4. Nxd4 Nf6 5. Nc3 a6 6. Be3 e5 7. Nf3 Be7 8. Be2
Be6 9. O-O O-O 10. Qd2 Ng4 11. Rad1 Nxe3 12. Qxe3 Nd7 13. Rd2 Rc8 14. Rfd1 b5
15. a3 Qb6 16. Nd5 Bxd5 17. Qxb6 Nxb6 18. exd5 e4 19. Nd4 Bg5 20. Nf5 Bxd2 21.
Ne7+ Kh8 22. Nxc8 Rxc8 23. Rxd2 Rc5 24. Rd4 f5 25. c3 Rxd5 26. f3 Rxd4 27. cxd4
d5 28. Kf2 Nc4 29. g4 g6 30. Bd1 Nxb2 31. Bb3 Nc4 0-1

[Event "Mechanics' Peter Grey TNM; G/2 d5"]
[Site "San Francisco"]
[Date "2017.08.15"]
[Round "2.17"]
[White "Boldi, Ethan"]
[Black "Marquez, Martin"]
[Result "0-1"]
[WhiteElo "1872"]
[BlackElo "1475"]
[Annotator "Donaldson"]
[PlyCount "112"]
[EventDate "2017.??.??"]

1. e4 d5 2. exd5 Qxd5 3. Nc3 Qa5 4. d4 Nf6 5. Nf3 Bg4 6. Bd2 c6 7. Ne4 Qc7 8.
Nxf6+ gxf6 9. h3 Bh5 10. Bd3 e6 11. Qe2 Nd7 12. c4 Qb6 13. Rb1 Bxf3 14. Qxf3
Qxd4 15. Bc3 Bb4 16. Ke2 $2 (16. Bxb4 Ne5) (16. O-O $1) 16... Bxc3 17. bxc3
Qe5+ (17... Qxc3) 18. Qe3 O-O-O 19. Rb2 Qxc3 20. Rhb1 b6 (20... Nc5 $1) 21. Be4
Qxc4+ 22. Bd3 Qc5 23. Qg3 Qe5+ 24. Qe3 Qxe3+ 25. fxe3 Ne5 26. Ba6+ Kc7 27. a4
Rhg8 28. Kf1 Rd5 29. Rc2 Ra5 30. Bb5 a6 31. Be2 Rxa4 32. Rbc1 c5 33. Rd2 Rd8
34. Rb2 a5 35. Rcb1 Rb4 36. Rxb4 axb4 37. Ke1 Kc6 38. g4 Nd3+ 39. Bxd3 Rxd3 40.
Ke2 Rd5 41. e4 Re5 42. Kd3 f5 43. exf5 exf5 44. Rf1 fxg4 45. Rxf7 gxh3 46. Rxh7
Rd5+ 47. Kc2 c4 48. Rxh3 Kc5 49. Rh8 b3+ 50. Kb2 Kb4 51. Rh1 Rd2+ 52. Kb1 Ka3
53. Rc1 b5 54. Re1 c3 55. Kc1 b2+ 56. Kb1 c2# 0-1

[Event "Mechanics' Peter Grey TNM; G/2 d5"]
[Site "San Francisco"]
[Date "2017.09.26"]
[Round "8.15"]
[White "Boldi, Ethan"]
[Black "Maser, Thomas F"]
[Result "1-0"]
[WhiteElo "1872"]
[BlackElo "1921"]
[PlyCount "65"]
[EventDate "2017.??.??"]

1. e4 e5 2. Nf3 Nc6 3. Bc4 Nf6 4. Ng5 d5 5. exd5 Na5 6. Bb5+ c6 7. dxc6 bxc6 8.
Bd3 h6 9. Ne4 Be7 10. O-O O-O 11. Qf3 Rb8 12. b3 Nd5 13. Bb2 Qc7 14. Re1 f5 15.
Qg3 Nf4 16. Nec3 Bd6 17. Ba3 Rf6 18. Bxd6 Qxd6 19. Qe3 Bd7 20. Qxa7 Nb7 21. Na3
Nc5 22. Nc4 Qf8 23. Nxe5 Nfxd3 24. Nxd7 Nxd7 25. cxd3 Qd6 26. Re3 f4 27. Ne4
fxe3 28. Nxd6 exf2+ 29. Qxf2 Rxf2 30. Kxf2 Rd8 31. d4 Nf6 32. Nf5 Rf8 33. Ne7+
1-0

[Event "Mechanics' Peter Grey TNM; G/2 d5"]
[Site "San Francisco"]
[Date "2017.08.29"]
[Round "4.23"]
[White "Boldi, Ethan"]
[Black "Morgan, Jerry D"]
[Result "1-0"]
[WhiteElo "1872"]
[BlackElo "1501"]
[Annotator "Donaldson"]
[PlyCount "109"]
[EventDate "2017.??.??"]

1. e4 Nf6 2. e5 Nd5 3. c4 Nb6 4. d4 d6 5. exd6 exd6 6. Nc3 Nc6 7. d5 Ne5 8. b3
Be7 9. Bf4 Bf6 10. Qc2 O-O 11. Bxe5 Bxe5 12. Bd3 g6 13. Nf3 Bg7 14. O-O Bg4 15.
Nd2 Re8 16. h3 Bd7 17. Rfe1 Qg5 18. Nf3 Qh6 19. Rad1 Bxh3 20. gxh3 Qxh3 21.
Rxe8+ Rxe8 22. Nh2 {Diagram [#]} Be5 $6 (22... Re5 $1 23. Ne4 Rh5 24. f3 Bd4+
25. Kh1 Qxf3+) 23. Nf1 Qg4+ 24. Ng3 Bxg3 25. fxg3 Re3 $6 (25... Qxg3+ $1 26.
Qg2 Re1+ 27. Rxe1 (27. Bf1 Qxc3) 27... Qxe1+) 26. Ne4 Nd7 27. Qd2 f5 28. Rf1
Rxg3+ (28... Rf3) 29. Nxg3 Qxg3+ 30. Qg2 $4 (30. Kh1 Qh3+ $11) 30... Qxd3 31.
Qf3 Qxf3 32. Rxf3 Ne5 33. Rc3 Kf7 34. c5 Ke7 35. Re3 Kd7 (35... f4) 36. b4 f4
37. Rh3 h5 38. Kf2 b6 $6 (38... dxc5 $1 39. bxc5 b6 {with every chance to win.}
) 39. c6+ Ke7 40. Ra3 g5 $2 (40... a6 $1 41. Rxa6 Nd3+ 42. Kf3 Nxb4) 41. Rxa7
Nd3+ 42. Kg2 Nxb4 43. Rxc7+ Kf6 44. Rh7 Nxd5 45. c7 Nxc7 46. Rxc7 g4 47. Rc6
Ke5 48. Rxb6 h4 49. a4 h3+ 50. Kh2 d5 51. a5 Ke4 52. a6 Kf3 53. Rb3+ Kf2 54.
Rb2+ Kf1 55. a7 1-0

[Event "Mechanics' Fall TNM; G/2 d5"]
[Site "San Francisco"]
[Date "2017.10.31"]
[Round "2.29"]
[White "Boldi, Ethan"]
[Black "Olson, David R"]
[Result "1-0"]
[WhiteElo "1892"]
[BlackElo "1400"]
[Annotator "Donaldson"]
[PlyCount "65"]
[EventDate "2017.??.??"]

1. e4 e5 2. Nf3 Nc6 3. Bc4 Nf6 4. Ng5 d5 5. exd5 Nxd5 6. Nxf7 (6. d4) 6... Kxf7
7. Qf3+ Qf6 (7... Ke6 8. Nc3 Ncb4 9. Qe4 c6 10. a3 Na6 11. d4 Nac7) 8. Bxd5+
Be6 9. Bxc6 bxc6 10. Qxc6 Bd6 11. Nc3 Rab8 12. Ne4 Qg6 13. d3 Rb6 14. Nxd6+
cxd6 15. Qe4 Bf5 16. Qf3 Rc8 17. h3 Kg8 18. h4 Rxc2 19. h5 Qg4 20. Qxg4 Bxg4
21. b3 Re2+ 22. Kf1 Rc2 23. Be3 Rbc6 (23... Ra6 $11) 24. Kg1 R6c3 25. Rh4 Be6
26. d4 exd4 27. Rxd4 d5 28. Ra4 Kf7 29. Rxa7+ Kf8 30. Re1 Rd3 31. Bg5 h6 32.
Be7+ Kf7 33. Bh4+ 1-0

[Event "Mechanics' Winter TNM; G/2"]
[Site "San Francisco"]
[Date "2017.01.31"]
[Round "5.11"]
[White "Boldi, Ethan"]
[Black "Sarafian, Greg"]
[Result "1/2-1/2"]
[WhiteElo "1850"]
[BlackElo "1883"]
[PlyCount "68"]
[EventDate "2017.??.??"]

1. e4 e5 2. Nf3 Nc6 3. Bc4 Bc5 4. c3 Nf6 5. d3 a6 6. O-O d6 7. h3 h6 8. d4 Ba7
9. Re1 O-O 10. Bd5 Qe7 11. Be3 Nb8 12. Nbd2 c6 13. Bb3 Be6 14. Bxe6 Qxe6 15.
Qc2 Nbd7 16. Rad1 Rfe8 17. Nb3 Bb6 18. dxe5 dxe5 19. Bxb6 Nxb6 20. Nc5 Qe7 21.
b4 Nh5 22. Nd3 Nc4 23. Qe2 g6 24. Nc5 Nb6 25. g3 Rad8 26. a4 Ng7 27. a5 Nc8 28.
Nd3 f6 29. Nh4 Kh7 30. Qg4 Qf7 31. Qf3 Qe7 32. Qg4 Qf7 33. Qf3 Qe7 34. Qg4 Qf7
1/2-1/2

[Event "Mechanics' Spring TNM; G/2"]
[Site "San Francisco"]
[Date "2017.04.18"]
[Round "6.32"]
[White "Boldi, Ethan"]
[Black "Standen, Julian"]
[Result "1/2-1/2"]
[WhiteElo "1865"]
[BlackElo "1600"]
[PlyCount "49"]
[EventDate "2017.??.??"]

1. e4 c6 2. d4 d5 3. exd5 cxd5 4. c4 Nf6 5. Nc3 e6 6. Nf3 Be7 7. Bg5 O-O 8.
cxd5 Nxd5 9. Bxe7 Qxe7 10. Bd3 Nc6 11. a3 Bd7 12. Qc2 h6 13. O-O Rac8 14. Rfe1
Qd6 15. Ne4 Qf4 16. Qe2 Rfe8 17. Rac1 e5 18. Nd6 {Diagram [#]} Nxd4 $1 19. Nxd4
Rxc1 20. Nxe8 Rxe1+ 21. Qxe1 Qxd4 22. Nd6 Qxd3 23. h3 f6 24. Nxb7 Bc6 25. Nc5 {
Black is winning but later drew. Remaining moves unavailable.} 1/2-1/2

[Event "Mechanics' Fall TNM; G/2 d5"]
[Site "San Francisco"]
[Date "2017.12.05"]
[Round "7.10"]
[White "Boldi, Ethan"]
[Black "Thornally, Frank"]
[Result "0-1"]
[WhiteElo "1892"]
[BlackElo "2200"]
[PlyCount "114"]
[EventDate "2017.??.??"]

1. e4 e5 2. Nf3 Nc6 3. Bc4 Nf6 4. Ng5 d5 5. exd5 Na5 6. Bb5+ c6 7. dxc6 bxc6 8.
Bd3 Nd5 9. Ne4 Nf4 10. Qf3 Be7 11. b3 f5 12. Ng3 O-O 13. O-O Nxd3 14. cxd3 Ba6
15. Nxf5 Bf6 16. Nc3 Bxd3 17. Re1 Bg5 18. Rxe5 g6 19. Ba3 Rxf5 20. Rxf5 Bxf5
21. d4 Qxd4 22. Rd1 Re8 23. h3 Qf6 24. Bb2 Bc2 25. Qxf6 Bxf6 26. Rc1 Bf5 27. g4
Bd7 28. Rd1 Rd8 29. f4 Nb7 30. Kf2 Kf7 31. Rd2 Be6 32. Re2 Rd3 33. Ne4 Bh4+ 34.
Kg1 Rxh3 35. Be5 Bd5 36. f5 Bxe4 37. Rxe4 Nc5 38. Rd4 Rd3 39. Rc4 Rd5 40. Bd4
Be7 41. Be3 gxf5 42. gxf5 Rxf5 43. b4 Nd3 44. a3 c5 45. bxc5 Bxc5 46. Bxc5 Nxc5
47. Kg2 h5 48. Kh3 Ke6 49. Rc1 a5 50. Rb1 a4 51. Rb4 Rf3+ 52. Kh4 Rxa3 53. Kxh5
Rb3 54. Rf4 a3 55. Rf1 a2 56. Ra1 Rb2 57. Kg4 Nb3 0-1

[Event "Mechanics' Winter TNM; G/2"]
[Site "San Francisco"]
[Date "2017.02.14"]
[Round "7.11"]
[White "Boldi, Ethan"]
[Black "Tracy, Joseph J"]
[Result "0-1"]
[WhiteElo "1850"]
[BlackElo "2163"]
[PlyCount "70"]
[EventDate "2017.??.??"]

1. e4 e6 2. d4 d5 3. Nc3 Bb4 4. e5 b6 5. a3 Bf8 6. f4 h5 7. Nf3 Nh6 8. Bd3 Ba6
9. Be3 c5 10. h3 Bxd3 11. cxd3 Nf5 12. Qd2 Nc6 13. Ne2 h4 14. O-O Na5 15. Nc1
c4 16. Bf2 Be7 17. Rb1 cxd3 18. Qxd3 Qd7 19. Ne2 O-O 20. b4 Nc4 21. Nd2 Rfc8
22. Rbc1 b5 23. Rc3 a5 24. Rb1 axb4 25. axb4 Ra4 26. Rcb3 Rca8 27. Nc3 Ra3 28.
Qc2 Qc6 29. Qc1 Nxd2 30. Qxd2 Rxb3 31. Rxb3 Qc4 32. Qb2 Nxd4 33. Bxd4 Qxd4+ 34.
Kh2 Qxf4+ 35. Kh1 Qxe5 {and later 0-1. Remaining moves unavailable.} 0-1

[Event "Mechanics' Fall TNM; G/2 d5"]
[Site "San Francisco"]
[Date "2017.11.14"]
[Round "4.10"]
[White "Boldi, Ethan"]
[Black "Tsodikova, Natalya"]
[Result "1-0"]
[WhiteElo "1892"]
[BlackElo "2202"]
[PlyCount "115"]
[EventDate "2017.??.??"]

1. e4 e5 2. Nf3 Nc6 3. Bc4 Bc5 4. c3 Nf6 5. d3 a6 6. O-O Ba7 7. d4 Nxe4 8. d5
Ne7 9. Qe2 Nd6 10. Nxe5 Nxc4 11. Nxc4 b5 12. Ne5 O-O 13. b3 Nxd5 14. Qf3 Nb6
15. Re1 f6 16. Ng4 d5 17. Ba3 Rf7 18. Nd2 Bxg4 19. Qxg4 Qd7 20. Qg3 Rc8 21. Bc5
c6 22. Qe3 Na8 23. b4 Bxc5 24. bxc5 Nc7 25. Nf3 Re8 26. Qf4 Ne6 27. Qb4 Rfe7
28. h3 Qa7 29. Nd4 Qxc5 30. Nf5 Qxb4 31. cxb4 Rd7 32. Rac1 Nc7 33. Rxe8+ Nxe8
34. Rxc6 Nc7 35. Kf1 d4 36. Ke2 Nd5 37. a3 Nf4+ 38. Kd2 Nxg2 39. Rxa6 Nf4 40.
Rd6 Ra7 41. Rd8+ Kf7 42. Rxd4 Nxh3 43. Nd6+ Ke6 44. Nxb5 Rb7 45. a4 Nxf2 46.
Ke3 Nh3 47. Nc3 f5 48. a5 g5 49. a6 f4+ 50. Kd2 Rc7 51. b5 f3 52. Nd1 Ke5 53.
b6 f2 54. Ne3 Kxd4 55. b7 Rc3 56. Nf1 Rd3+ 57. Kc2 Ra3 58. b8=Q 1-0

[Event "Mechanics' Summer TNM; G/2 d5"]
[Site "San Francisco"]
[Date "2017.06.20"]
[Round "5.9"]
[White "Boldi, Ethan Vaugh"]
[Black "Ismakov, Arthur"]
[Result "0-1"]
[WhiteElo "1852"]
[BlackElo "2169"]
[PlyCount "94"]
[EventDate "2017.??.??"]

1. e4 g6 2. d4 Bg7 3. Nc3 c6 4. f4 d5 5. e5 h5 6. Nf3 Nh6 7. Be3 Bg4 8. Bd3 Qb6
9. Rb1 Nf5 10. Bxf5 Bxf5 11. b4 Nd7 12. b5 a6 13. a4 Rc8 14. Qd2 Qa5 15. bxa6
Qxa6 16. Nh4 Nb6 17. Nxf5 gxf5 18. Qd3 Nc4 19. Qxf5 e6 20. Qd3 Bf8 21. O-O c5
22. dxc5 Nxe3 23. Rfe1 Bxc5 24. Kh1 Ng4 25. Qxa6 bxa6 26. Nd1 Kd7 27. h3 Nh6
28. c4 dxc4 29. Nc3 Rb8 30. Rbd1+ Kc6 31. Ne4 Rhd8 32. Rc1 Rd4 33. Nf6 h4 34.
Rc2 Rb4 35. a5 Rxf4 36. Rec1 Nf5 37. Rc3 Kb5 38. Nd7 Bd4 39. Ra3 Bb2 40. Raa1
Bxa1 41. Rxa1 c3 42. Rc1 c2 43. Rxc2 Rb1+ 44. Kh2 Ng3 45. Rc5+ Kb4 46. Rc4+
Rxc4 47. Nc5 Rh1# 0-1

[Event "Mechanics' Summer TNM; G/2 d5"]
[Site "San Francisco"]
[Date "2017.05.30"]
[Round "2.1"]
[White "Boldi, Ethan Vaugh"]
[Black "Shaw, Tenzing"]
[Result "0-1"]
[WhiteElo "1852"]
[BlackElo "2310"]
[Annotator "Donaldson"]
[PlyCount "120"]
[EventDate "2017.??.??"]

1. e4 c5 2. Nf3 d6 3. d4 cxd4 4. Nxd4 Nf6 5. Nc3 g6 6. Bg5 (6. Be2 Bg7 7. O-O
Nc6 8. Nb3 O-O 9. Bg5) 6... Bg7 7. f4 Qb6 (7... O-O) 8. Ndb5 Be6 9. f5 gxf5 10.
exf5 Bxf5 11. Bxf6 Qe3+ 12. Qe2 Qxe2+ 13. Bxe2 Bxf6 14. Nc7+ Kd7 15. Nxa8 Nc6
16. Nd5 Bh4+ 17. Kd2 (17. g3 Be4 18. Nac7 Bxh1 19. gxh4 e6 20. Nf6+ Kxc7 21.
Kf2 Bd5 22. c4) 17... Bg5+ 18. Ne3 Rxa8 19. h4 Bxe3+ 20. Kxe3 Bxc2 21. Rac1 Bf5
22. Bb5 a6 23. Bxc6+ bxc6 24. Rc3 c5 25. Rd1 Rc8 26. b4 c4 27. Rd5 Bd3 28. a4 (
28. Ra5 Rc6 29. Rh5 Rb6 30. Rxd3 cxd3 31. a3 Rb8 32. Rxh7 Rg8 33. Kxd3 f6 (
33... Rxg2 34. Rxf7)) 28... Rb8 29. b5 axb5 30. Rxb5 Rxb5 31. axb5 Kc7 32. Ra3
Kb6 33. Ra8 Kxb5 34. Re8 (34. Ra7 e5 35. Rxf7 d5) 34... e5 35. Re7 f5 36. g3
Kc5 37. Ra7 h5 38. Ra5+ Kc6 39. Ra6+ Kd5 40. Ra5+ Ke6 41. Ra6 Be4 42. Kd2 Kd5
43. Kc3 Bd3 44. Kd2 e4 45. Kc3 e3 46. Ra8 Ke4 47. Re8+ Kf3 48. g4 fxg4 49. Kd4
e2 50. Rf8+ Kg3 51. Re8 Kxh4 52. Kc3 Kg3 53. Kd2 h4 54. Re3+ Kf4 55. Re8 h3 56.
Ke1 h2 57. Rh8 g3 58. Rf8+ Ke5 59. Re8+ Kd5 60. Rh8 g2 0-1

[Event "Mechanics' Summer TNM; G/2 d5"]
[Site "San Francisco"]
[Date "2017.06.13"]
[Round "4.18"]
[White "Boldi, Ethan Vaugh"]
[Black "Simpkins, Jerry"]
[Result "1-0"]
[WhiteElo "1852"]
[BlackElo "1476"]
[PlyCount "63"]
[EventDate "2017.??.??"]

1. e4 e5 2. Nf3 f5 3. Bc4 fxe4 4. Nxe5 Qg5 5. Ng4 d5 6. Be2 Bxg4 7. Bxg4 Nf6 8.
h3 Bc5 9. d4 Bb4+ 10. c3 Qg6 11. cxb4 Nc6 12. b5 Nb4 13. Be3 Nd3+ 14. Kf1 O-O
15. Nc3 Nxb2 16. Qb3 Nc4 17. Nxd5 Nxe3+ 18. Nxe3+ Kh8 19. Bf5 Qg5 20. h4 Qf4
21. Ke2 g6 22. Bh3 Nh5 23. Raf1 Qxh4 24. Bg4 Nf4+ 25. Kd2 Qd8 26. d5 Nd3 27.
Qc3+ Rf6 28. Be6 h5 29. Ng4 Nc5 30. Nxf6 Nxe6 31. Nxh5+ Kg8 32. Nf6+ 1-0

[Event "Mechanics' Summer TNM; G/2 d5"]
[Site "San Francisco"]
[Date "2017.07.11"]
[Round "7.7"]
[White "Boldi, Ethan Vaugh"]
[Black "Walder, Michael S"]
[Result "0-1"]
[WhiteElo "1852"]
[BlackElo "2141"]
[PlyCount "86"]
[EventDate "2017.??.??"]

1. e4 Nf6 2. e5 Nd5 3. c4 Nb6 4. c5 Nd5 5. Bc4 e6 6. d4 d6 7. Bxd5 exd5 8. cxd6
cxd6 9. Nf3 Nc6 10. h3 Be7 11. O-O O-O 12. Bf4 Bf5 13. a3 dxe5 14. Nxe5 Qb6 15.
Nc3 Rad8 16. Na4 Qb5 17. Re1 Rfe8 18. b3 Na5 19. b4 Nc4 20. Nc3 Qa6 21. b5 Qb6
22. Nxd5 Rxd5 23. Nxc4 Qd8 24. Qf3 Be6 25. Be5 Rxb5 26. Qg3 f6 27. Nd6 Bxd6 28.
Bxd6 Rg5 29. Qf4 Bxh3 30. g3 Rg4 31. Rxe8+ Qxe8 32. Qd2 Re4 33. Bf4 Re2 34. Qd3
Qe4 35. Qxe4 Rxe4 36. d5 Rd4 37. Be3 Rxd5 38. Bxa7 Bd7 39. a4 Ra5 40. Bb6 Rxa4
41. Rxa4 Bxa4 42. Kg2 Kf7 43. Kf3 Ke6 {Black created a passed pawn on the
kingside and then used his king to escort the passed pawn White's bishop was
stopping for a routine win. Remaining moves unavailable.} 0-1

[Event "Mechanics' Fall TNM; G/2 d5"]
[Site "San Francisco"]
[Date "2017.12.05"]
[Round "7.20"]
[White "Boldi, Nicholas"]
[Black "Ash, Richard D"]
[Result "1/2-1/2"]
[WhiteElo "1355"]
[BlackElo "1758"]
[Annotator "Donaldson"]
[PlyCount "100"]
[EventDate "2017.??.??"]

1. e4 e5 2. Nf3 Nc6 3. Bc4 Bc5 4. c3 d6 5. d3 Nf6 6. Qb3 O-O 7. Ng5 Qe7 8. Nf3
Na5 9. Qa4 Nxc4 10. Qxc4 Be6 11. Qa4 a6 12. Qc2 b5 13. b4 Bb6 14. O-O c6 15.
Bg5 h6 16. Be3 Nd7 17. d4 Bc4 18. Re1 Bc7 19. Nbd2 Nb6 20. dxe5 dxe5 21. Bxb6
Bxb6 22. Nxc4 bxc4 23. Qe2 Qe6 24. Nd2 f5 25. exf5 Rxf5 26. Rf1 Raf8 27. Qxc4
Bxf2+ 28. Kh1 Qxc4 29. Nxc4 e4 30. Rac1 e3 31. Rc2 Rf4 32. Nb2 Rd8 33. Re2 Rd2
34. Rxd2 exd2 35. Nd1 Be3 36. Rxf4 Bxf4 37. h3 Kf7 38. Kg1 Ke6 39. Kf2 h5 40.
Ke2 Ke5 41. Nb2 Ke4 42. Nc4 d1=Q+ 43. Kxd1 Kd3 44. Na5 Kxc3 45. Nxc6 Bd6 46.
Kc1 $6 (46. a3 Kb2 47. a4) 46... Bxb4 47. Nxb4 $2 Kxb4 48. Kb2 {Diagram [#]} a5
$2 (48... g5 49. g4 (49. g3 g4 50. hxg4 hxg4 51. Kc2 Kc4 52. Kd2 (52. Kb2 Kd3
53. Ka3 Ke3 54. Ka4 Kf3 55. Ka5 Kxg3 56. Kxa6 Kf4) 52... Kd4 53. Ke2 Ke4 54. a3
(54. Kf2 Kd3) 54... a5 55. a4 Kd4 56. Kd2 Kc4 57. Kc2 Kb4) 49... h4 50. Kc1 Kc3
51. Kb1 Kd2 52. Kb2 Ke2 53. Ka3 Kf2 54. Ka4 Kg2 55. Ka5 Kxh3 56. Kb6 Kxg4) 49.
Kc2 $2 (49. a3+ $11) (49. h4 $11) 49... Kc4 $2 (49... Ka3 50. Kb1 h4 51. Ka1 a4
52. Kb1 g6 53. Ka1 Kb4 54. Kb2 a3+ 55. Kc2 Kc4 56. Kd2 Kd4 57. Ke2 Kc3) 50. a3
$2 (50. h4) 50... a4 $2 (50... h4 51. Kb2 a4 52. Kc2 g6 53. Kd2 (53. Kb2 Kd3)
53... Kb3) 1/2-1/2

[Event "Mechanics' Winter TNM; G/2"]
[Site "San Francisco"]
[Date "2017.02.21"]
[Round "8.38"]
[White "Boldi, Nicholas"]
[Black "Bayaraa, Bilguun"]
[Result "1-0"]
[WhiteElo "1202"]
[BlackElo "1208"]
[Annotator "Donaldson"]
[PlyCount "103"]
[EventDate "2017.??.??"]

1. e4 c5 2. Nf3 d6 3. Nc3 e5 4. Bc4 Be7 5. Be2 Nc6 6. d3 Nf6 7. Be3 Bg4 8. O-O
Bxf3 9. Bxf3 Nd4 10. Be2 Qd7 11. Qd2 b5 12. a3 O-O 13. Bd1 d5 14. f3 a6 (14...
Nxf3+ 15. Bxf3 d4) (14... a5) 15. f4 exf4 16. Bxf4 Ne6 17. exd5 Nxf4 18. Qxf4
Rad8 (18... Nxd5 19. Nxd5 Qxd5 20. Bf3) (18... Bd6 19. Qh4 Be5) (18... b4) 19.
Bf3 Bd6 20. Qh4 Be5 21. Rae1 Bd4+ 22. Kh1 Rde8 (22... Bxc3 23. bxc3 Nxd5) 23.
Qg3 Bxc3 24. bxc3 Rxe1 25. Rxe1 Nxd5 26. Bxd5 Qxd5 27. Qe5 Qxe5 (27... Qc6) 28.
Rxe5 Rc8 29. Kg1 Kf8 (29... g6 30. Rd5 Rc6 31. Kf2 Kg7 32. Ke3) 30. Kf2 f6 31.
Re6 a5 32. Ra6 c4 (32... b4 33. axb4 (33. Rxa5 bxc3 34. Ke3 c4 35. d4 Re8+ 36.
Kf3) 33... axb4 34. cxb4 (34. c4) 34... cxb4) 33. d4 Rb8 34. Rxa5 Ke7 35. Ke3
Ke6 36. Ra7 g5 37. g4 h6 38. Ke4 Kd6 39. Ra6+ Ke7 40. Kf5 Rf8 41. Re6+ Kd7 42.
Rxf6 Ra8 43. Rxh6 Rxa3 44. Rh3 b4 45. Rg3 b3 46. Rg1 bxc2 47. Rc1 Rxc3 48. Kxg5
Kd6 49. Kf5 Kd5 50. g5 Kxd4 51. g6 Kd3 52. g7 1-0

[Event "Mechanics' Summer TNM; G/2 d5"]
[Site "San Francisco"]
[Date "2017.06.13"]
[Round "4.48"]
[White "Boldi, Nicholas"]
[Black "Bayaraa, Timothy"]
[Result "1-0"]
[WhiteElo "1115"]
[BlackElo "687"]
[PlyCount "51"]
[EventDate "2017.??.??"]

1. e4 e5 2. Nf3 Nc6 3. Bc4 Nf6 4. Ng5 d5 5. exd5 Nxd5 6. Qf3 Qxg5 7. Bxd5 Be6
8. Bxc6+ Bd7 9. Bxd7+ Kxd7 10. Qxf7+ Be7 11. Qd5+ Bd6 12. Qxb7 Raf8 13. Nc3 Qf5
14. Qxa7 Qxc2 15. Qa4+ Qxa4 16. Nxa4 Rf4 17. Nc3 Rhf8 18. O-O e4 19. d3 Rh4 20.
g3 Rh5 21. dxe4 Rf6 22. Kg2 g5 23. Be3 Rfh6 24. Rh1 Rf6 25. Rad1 g4 26. Bf4 1-0